Diseño muro de contención en el vertedor de excedencias Proyecto Hidroeléctrico Sandillal estudio de factibilidad del uso de la tierra armada y de los geotextiles
Uloženo v:
| Hlavní autor: | |
|---|---|
| Médium: | Kniha |
| Vydáno: |
San José, Costa Rica
1987
|
| Témata: | |
| Tagy: |
Přidat tag
Žádné tagy, Buďte první, kdo vytvoří štítek k tomuto záznamu!
|
MARC
| LEADER | 00000nam a2200000Ia 4500 | ||
|---|---|---|---|
| 003 | 004564 | ||
| 005 | 20221231144345.0 | ||
| 008 | 140114s1987 cr a m 000 ||s d | ||
| 040 | |c cru CEDI | ||
| 090 | |a TFG 2093 | ||
| 100 | |a Moreira Ramírez, Olger H. |9 13668 | ||
| 245 | |a Diseño muro de contención en el vertedor de excedencias Proyecto Hidroeléctrico Sandillal estudio de factibilidad del uso de la tierra armada y de los geotextiles | ||
| 260 | |c 1987 |a San José, Costa Rica | ||
| 300 | |a 98 hojas : ilustraciones ; 28 cm | ||
| 500 | |a Proyecto de graduacion (licenciatura en ingeniería civil)--Universidad de Costa Rica. Facultad de Ingeniería. Escuela de Ingeniería Civil | ||
| 650 | |x INSTITUTO COSTARRICENSE DE ELECTRICIDAD.. PROYECTO HIDROELECTRICO SANDILLAL |x MUROS DE CONTENCION |9 13669 | ||
| 942 | |c TFG | ||
| 999 | |c 20668 |d 20668 | ||
